| 000 | 01017cam a2200349Ia 4500 | ||
|---|---|---|---|
| 020 | _a0021707006 (v. 1) | ||
| 020 | _a002160150X (v. 2) | ||
| 020 | _a0021601607 (v. 3) | ||
| 020 | _a0021601704 (v. 4) | ||
| 020 | _a0021601801 (v. 5) | ||
| 020 | _a0021601909 (v. 6) | ||
| 020 | _a0021608008 (v. 7) | ||
| 020 | _a0021608105 (v. 8) | ||
| 020 | _a002160200X (v. 9) | ||
| 020 | _a0021602107 (v. 10) | ||
| 020 | _a0021602204 (v. 11) | ||
| 020 | _a0021729107 (v. 12) | ||
| 020 | _a0021729204 (v. 13) | ||
| 040 | _cIAF | ||
| 082 | _a372 MAC 1980 A108 Or. | ||
| 100 | 1 | _aArnold, Virginia A. | |
| 245 | 1 | 0 | _aMacmillan reading express / |
| 250 | _aTeacher's ed. | ||
| 260 |
_aNew York : _bMacmillan, _c1986-88. |
||
| 300 |
_a15 v. : _bill. ; _c29 cm. + _eworkbooks, tests, and supplemental materials. |
||
| 500 | _aIncludes indexes. | ||
| 650 | 0 | _aReading (Elementary) | |
| 650 | 0 | _aReaders (Elementary) | |
| 700 | 1 | _aSmith, Carl Bernard. | |
| 710 | 2 | _aMacmillan Publishing Company. | |
| 942 | _cEK | ||
| 999 |
_c16767 _d16767 |
||